Del medi ambient a la qualitat de vida /
Descripción Física:
9 pàgs. ; il. b/n ; 29 cm.
Colección:
Arrel : revista editada per la Diputació de Barcelona
; Núm. 19 (desembre, 1987) ; pàgs. 159-167
MARC
| LEADER | 00000nab a2200000 a 4500 | ||
|---|---|---|---|
| 001 | 10258 | ||
| 003 | Arxiu | ||
| 005 | 20260326124740.0 | ||
| 008 | 160829s9999 xx 000 0 cat d | ||
| 100 | |a Clos i Matheu, Joan |9 44876 | ||
| 245 | |a Del medi ambient a la qualitat de vida / |c Joan Clos i Matheu | ||
| 260 | |a Barcelona : |b Diputació de Barcelona ; |c 1987 | ||
| 300 | |a 9 pàgs. ; |b il. b/n ; |c 29 cm. | ||
| 490 | |a Arrel : revista editada per la Diputació de Barcelona ; |v Núm. 19 (desembre, 1987) ; pàgs. 159-167 |x 0211-562X | ||
| 650 | |a Ecologia |x Barcelona |9 44877 | ||
| 650 | 0 | |a Medi ambient |z Barcelona (Catalunya) |9 44878 | |
| 650 | 0 | |a Contaminació |z Barcelona (Catalunya) |9 44879 | |
| 856 | 4 | |u https://media.diba.cat/diba/fitxers/arxiu/hemeroteca/arrel/10258/bib_10258_1987_n03_a25_baixa.pdf |y Accés lliure | |
| 901 | |a Arxiu | ||
| 942 | |n 1 |2 udc |c Articles de revista | ||
| 952 | |0 0 |1 0 |2 udc |4 0 |6 REV95 |7 1 |9 52223 |a Arxiu |b Arxiu |d 2016-12-01 |o Rev-95 |r 2016-12-01 00:00:00 |w 2016-12-01 |y ARXIU | ||
| 999 | |c 56071 |d 56071 | ||
| 900 | |a bib_10258_1987_n03_a25_baixa.pdf | ||